000 00707cab a2200265 4500
001 X1205
008 090401t1992 xxu||||| |||| 00| 0 eng d
035 _a(Sirsi) u15465
041 _aeng
245 _aProfits valuations
260 _c1992
350 _a0
490 _aThe Impugner (RICS Rating Diploma Holders` Section)
_vSeptember 1992 (5)
650 _aBRISTOL POLYTECHNIC
650 _aHOTELS
650 _aLICENSED PROPERTY
650 _aMETHODS OF VALUATION
650 _aRECEIPTS AND EXPENDITURE VALUATION METHOD
650 _aRETAIL PROPERTY
650 _aVALUATION METHODS
650 _aValuation
_96273
690 _aRATING AND VALUATION
942 _n0
948 _c04/03/1997
999 _c10146
_d10146